Boletín de las leyes y decretos del gobierno

Furkejuvvon:
Bibliográfalaš dieđut
Materiálatiipa: Girji
Giella:espánnjágiella
Almmustuhtton: Santiago Mercurio 1872
Fáttát:
Fáddágilkorat: Lasit fáddágilkoriid
Eai fáddágilkorat, Lasit vuosttaš fáddágilkora!

MARC

LEADER 00000nam a2200000 a 4500
001 UCP9275
003 CL-VaPUC
008 000324e18720000CL |||||||||||||||||spa|d
082 0 4 |a 348.022  |b BOL  |2 21 
245 1 0 |a Boletín de las leyes y decretos del gobierno 
300 |a v 
942 |c BK 
945 |d 20000324 00:00:00  |a lriquelm 
260 |a Santiago  |b Mercurio  |c 1872 
500 |a Comprende el libro 40 
650 7 |a DERECHO CHILENO SIGLO 19  |2 CL-VaPUC  |9 439747 
650 0 |a Fuentes del derecho   |9 255162 
651 7 |a CHILE  |2 CL-VaPUC  |9 439748 
583 |a last modification  |c 20160829 12:03:21  |k Rodrigo Vera 
999 |c 286103  |d 286101 
952 |0 0  |1 0  |4 0  |6 348_022000000000000_BOL_1872  |7 0  |8 X  |9 331522  |a BIBHIS  |b BIBHIS  |d 2019-11-20  |h v.17  |i 2841290  |o 348.022 BOL 1872  |p 2841290  |r 2024-01-30  |w 2019-11-20  |y BK_X  |k HIS